| 000 | 00425nam a2200145 i 4500 | ||
|---|---|---|---|
| 001 | 52023 | ||
| 003 | ES-MaACL | ||
| 007 | t| | ||
| 008 | 030822s1973 xxu ||||1| eng d | ||
| 100 | 1 |
_aChipp, Herschel B. _938545 |
|
| 245 | 1 | 0 |
_aTheories of modern art / _cHerschel B. Chipp. |
| 260 |
_aBerkeley : _bUniversity of California Press, _c[1973] |
||
| 300 |
_aXV, 664 p. : _bil. ; _c23 cm. |
||
| 852 |
_aES-MaACL _jE-6867 _bR.91378 |
||
| 999 |
_c52023 _d52023 |
||